Gaming Quiz

Random Gaming or Mario Quiz

Nintendo Through the Ages Quiz Stats

 Plays Quiz Updated Apr 15, 2019

Score 0/39 Timer 10:00
1 Play Today
% Correct
Donkey Kong
97.1%
Tetris
91.3%
Super Mario Bros
87.8%
Metroid
76.7%
Wii Sports
76.4%
Super Smash Bros
76.2%
Punch-Out!!
74.5%
Wii Fit
73.7%
Mario Bros.
73.6%
Star Fox
73%
Mario Tennis Aces
72.6%
Goldeneye 007
69.7%
Mario Kart 64
68.8%
The Legend of Zelda: Breath of the Wild
67.2%
Pokémon Red and Blue
67.1%
Excitebike
62.5%
Animal Crossing
61.3%
F-Zero
60.7%
Ball
59.3%
Popeye
58.2%
% Correct
Earthbound
57.6%
The Legend of Zelda: A Link to the Past
57.2%
Mario Party 10
57.2%
Super Mario Galaxy 2
56.1%
Pikmin 2
52.4%
The Legend of Zelda: Skyward Sword
50.4%
Super Mario Land
47.4%
Kirby's Dream Land
47.3%
Super Paper Mario
43.8%
Banjo-Tooie
42.9%
Xenoblade Chronicles
41.5%
Captain Toad: Treasure Tracker
40.2%
Wario World
33.4%
Advance Wars
29.9%
Fire Emblem: Path of Radiance
21.6%
Game and Wario
16.3%
Star Fox Zero
16.2%
Rhythm Heaven
15.2%
Mario Clash
14.1%

You're not logged in!

Compare scores with friends on all Sporcle quizzes.
OR
Log In

Show Comments

Extras

Top Quizzes Today


Score Distribution

Your Account Isn't Verified!

In order to create a playlist on Sporcle, you need to verify the email address you used during registration. Go to your Sporcle Settings to finish the process.

Report this User

Report this user for behavior that violates our Community Guidelines.

Details: